LEADER 00965oam 2200265z- 450 001 9910145945503321 005 20051114152408.0 035 $a(CKB)1000000000278939 035 $a(EXLCZ)991000000000278939 100 $a20220209c2004uuuu -u- - 101 0 $afre 200 10$aEube?ens en Calabre a? l'e?poque archai?que $eformes de contacts et d'implantation /$fpar Laurence Mercuri 311 $a2-7283-0698-2 517 $aEube?ens en Calabre a? l'e?poque archai??que 517 $aEubéens en Calabre à l'époque archaïque 607 $aCalabria (Italy)$xRelations$zGreece$zEuboea Island 607 $aEuboea Island (Greece)$xRelations$zItaly$zCalabria 607 $aCalabria (Italy)$xAntiquities 607 $aEuboea Island (Greece)$xCivilization 676 $a937/.7 700 $aMercuri$b Laurence$0592316 906 $aBOOK 912 $a9910145945503321 996 $aEubéens en Calabre à l'époque archaique$91001361 997 $aUNINA LEADER 01225nam 2200349Ia 450 001 996386340403316 005 20221108102652.0 035 $a(CKB)4940000000077649 035 $a(EEBO)2248578034 035 $a(OCoLC)12544652 035 $a(EXLCZ)994940000000077649 100 $a19850913d1655 uy | 101 0 $aeng 135 $aurbn||||a|bb| 200 14$aThe monster of sinful self-seeking, anatomizd$b[electronic resource] $etogether with a description of the heavenly and blessed selfe-seeking : in a sermon preached at Pauls the 10. of December, 1654 /$fby Edm. Calamy, B.D. .. 210 $aLondon $cPrinted by J.G. for Nath. Webb and Will. Grantham ...$d1655 215 $a[7], 34, [1] p 300 $aErrata: p. [1] at end. 300 $aReproduction of original in Union Theological Seminary Library, New York. 300 $aMarginal notes. 330 $aeebo-0160 606 $aSelf-interest$vSermons 615 0$aSelf-interest 700 $aCalamy$b Edmund$f1600-1666.$01002065 801 0$bEAA 801 1$bEAA 801 2$bm/c 801 2$bWaOLN 906 $aBOOK 912 $a996386340403316 996 $aThe monster of sinful self-seeking, anatomizd$92331776 997 $aUNISA